1854 1024 1786 1498 1306 1596 1620 1405 1629 1458 1619 1265 1714 1375 1937 1319 1128 1684 1151 1240 1067 1686 1263 1047 1208 1089 1034 1596 1517 1880 1579 1245 1542 1621 1110 1151 1697 1867 1930 1853 1419 1966 1295 1202 1531 1266 1281 1817 1440 1517 1298 1728 1506 1956 1508 1573 1749 1382 1099 1857 1667 1740 1634 1772 1994 1624 1957 1286 1947 1898 1049 1382 1008 1843 1349 1738 1823 1965 1034 1531 1024 1319 1507 1444 1848 1908 1813 1695 1053 1928 1237 1418 1143 1517 1118 1204 1202 1125 1129 BCNSPRNW ULIB Ver.6.0+V

เปลี่ยนเป็นภาษาไทย

Change to English
 แสดงรายละเอียดบรรณานุกรม
  กลับหน้าหลัก

Brief Record : Get Marc (ISO 2709) : E-mail record : QR code < ปิดหน้าต่าง
LEADER : 00000nam 2200000uu 4500
001    13399113190
003     ULIB
008    111003s2550||||th 000 0 tha d
020    9748989887
050 04 QA101^bม115ค 2550
100 0  มงคล ทองสงคราม
245 10 คณิตศาสตร์พื้นฐาน = Introductory mathematics /^cมงคล ทองสงคราม
246 31 Introductory mathematics
250    พิมพ์ครั้งที่ 1(ฉบับปรับปรุง)
260    กรุงเทพฯ :^bรามาการพิมพ์,^c2550
300    [355] หน้า :^bภาพประกอบ
504    บรรณานุกรม: [355]
650  7 คณิตศาสตร์
945    ^p225^l0^i021324
945    ^p225^l0^i021325
945    ^p225^l0^i021326
995    ทศพร
999 ^a ทศพร
รายการนี้ยังไม่มีแท็ก
คุณยังไม่ได้ล็อกอิน คุณสามารถมีกิจกรรมร่วมกับเว็บไซต์ได้ แต่ต้องล็อกอินก่อน ::
  ล็อกอิน

รายการสื่อสารสนเทศ

ลำดับที่ ประเภท เลขเรียก/บาร์โค้ด สถานที่ สถานะ
- ไม่พบข้อมูล -

รายการใกล้เคียง
    ผู้แต่ง [มงคล ทองสงคราม]

    หัวเรื่อง [คณิตศาสตร์]

BibComment


ยังไม่เคยถูกคอมเมนท์

คอมเมนท์ทรัพยากรรายการนี้
  คอมเมนท์: คณิตศาสตร์พื้นฐาน..


 Copyright 2026. Bcnsprnw @Library